Applied calculus
Αποθηκεύτηκε σε:
| Κύριος συγγραφέας: | |
|---|---|
| Μορφή: | Βιβλίο |
| Γλώσσα: | English |
| Δημοσίευση: |
For Worth :
Saunders College Publishing,
c1994
|
| Έκδοση: | 3rd ed. |
| Θέματα: | |
| Ετικέτες: |
Προσθήκη ετικέτας
Δεν υπάρχουν, Καταχωρήστε ετικέτα πρώτοι!
|
MARC
| LEADER | 00000nam a2200000 i 4500 | ||
|---|---|---|---|
| 001 | 1/105657 | ||
| 008 | 000328s1994 eng d | ||
| 020 | |a 0-03-076173-5 | ||
| 035 | |l 10059337 | ||
| 040 | |a GR-MY-UA |b gre |e aacr | ||
| 041 | 0 | |a eng | |
| 082 | 0 | |a 515 | |
| 100 | 1 | |a Berkey, Dennis D. | |
| 245 | 1 | 0 | |a Applied calculus / |c Dennis D. Berkey |
| 250 | |a 3rd ed. | ||
| 260 | |a For Worth : |b Saunders College Publishing, |c c1994 | ||
| 300 | |a xxii, 839, 52, 7 p.; |b ill. (some col.); |c 24 cm. | ||
| 504 | |a Includes index | ||
| 650 | 0 | 0 | |a Calculus. |
| 852 | |a INST |b SAMOS |e 20000328 |h 515 BER |p 005300017846 |q 005300017846 |t BK |y 0 | ||
| 901 | |a BIBL3-2000-1 | ||
| 909 | |a Σ |b 076906 | ||
| 922 | |a 3ΕΛΗ |b 200003 |c ΚΠΣ |d ΠΑΠΑΣΩΤΗΡΙΟΥ | ||
| 950 | |a 116-2000-01-10 | ||
| 970 | |a ΚΟΣΙΕΡΗΣ |b ΧΡΗΣΤΟΣ |z 2000/03/30 | ||